000 00490nam a2200181Ia 4500
003 GCL
008 140319s9999 xx 000 0 ara d
040 _aGCL /
_cGCL
082 0 4 _a813.03
_bم ح
100 1 _aمحمد الباسطى
245 1 0 _aحديث من الطابق الثالث /
_cمحمد الباسطى
300 _a186 ص
490 _aكتاب
_v0
650 0 4 _aالادب العربى
650 0 4 _aالقصص العربية
650 0 4 _aالادب
942 _2ddc
_cBK
999 _c40951
_d40951